Normal view
MARC view
- Fluorescein angiography
Entry Topical Term
001 - CONTROL NUMBER
- control field: 126563
003 - CONTROL NUMBER IDENTIFIER
- control field: NUST
005 - DATE AND TIME OF LATEST TRANSACTION
- control field: 20241029112454.0
008 - FIXED-LENGTH DATA ELEMENTS
- fixed length control field: 241029|| aca||aabn | a|a d
040 ## - CATALOGING SOURCE
- Original cataloging agency: NUST
- Transcribing agency: NUST
150 ## - HEADING--TOPICAL TERM
- Topical term or geographic name entry element: Fluorescein angiography
- Form subdivision: Atlases
670 ## - SOURCE DATA FOUND
- Source citation: Work cat.: (NUST): Marashi, Ameen author. 126562, Atlas of fundus fluorescein angiography for approaching macular diseases :, 2024.
